Top Of The 'A' List Quiz Stats

 Plays Quiz not verified by Sporcle

Score 0/22 Timer 06:00
0 Plays Today
Question Answer % Correct
Largest American StateAlaska
91.6%
Biggest Country By AreaAustralia
70.6%
Highest Grossing MovieAvatar
69.9%
Top Girls Name 2010 (US)Ava
69.5%
Biggest Country By PopulationArgentina
63.3%
Most Tennis TitlesAndre Agassi
56.6%
Top US SurnameAnderson
35.5%
Most Home Runs Major League BaseballHank Aaron
29.9%
Top NBA ScorerKareem Abdul-Jabbar
28.5%
Top Boys Name 2010 (US)Alexander
26.3%
Fastest Land AnimalAntelope
21.3%
Question Answer % Correct
Best-Selling Music ArtistAbba
19.2%
Most WWF/E Heavyweight TitlesSteve Austin
19%
Best-Selling Mobile Phone GameAngry Birds
12%
Movie With Most OscarsAmadeus
7.5%
English Premiership Top ScorerNicolas Anelka
4.6%
Best-Selling BookA Tale Of Two Cities - Charles Dickens
3.8%
Top Movie FranchiseAustin Powers
2.9%
Best-Selling Studio AlbumAppetite For Destruction - Guns N' Roses
1.7%
Best-Selling SongA Whiter Shade Of Pale - Procol Harum
0.7%
Spanish La Liga Top ScorerJuan Arza
0.3%
Italian Serie A Top ScorerJose Altafini
0.1%

You're not logged in!

Compare scores with friends on all Sporcle quizzes.
OR
Log In

Show Comments

Extras

Created Nov 30, 2010Editor PickedReportNominate

Top Quizzes Today


Score Distribution

Your Account Isn't Verified!

In order to create a playlist on Sporcle, you need to verify the email address you used during registration. Go to your Sporcle Settings to finish the process.

Report this User

Report this user for behavior that violates our Community Guidelines.

Details: